| 000 | 01161nam a22003377a 4500 | ||
|---|---|---|---|
| 003 | CHAP | ||
| 005 | 20220817043116.0 | ||
| 008 | 971010s1982 r 00010 d | ||
| 010 | _a65941 | ||
| 011 | _a66913 | ||
| 035 | _a75898 | ||
| 040 | _cCHAP | ||
| 090 | _aTesis | ||
| 100 | 0 | 0 |
_aReséndiz García, Benito. _996135 |
| 245 | 1 | _aNuevas técnicas para el montaje de ácaros de las familias Veigaiidae, Parasitidae y Macrochelidae | |
| 260 |
_aChapingo, Méx. : _bEl autor, _c1982 |
||
| 300 |
_a69 h. _b; láms. |
||
| 502 | _aTesis (Ing. Agr. Esp. en Parasitología) -- UACH. Departamento de Parasitología Agrícola | ||
| 590 |
_aALEPH _b10 _c20130110 _lUCH01 _h1359 |
||
| 590 |
_aBATCH-UPD _b10 _c20130110 _lUCH01 _h0605 |
||
| 590 |
_aBATCH-UPD _b10 _c20130410 _lUCH01 _h0247 |
||
| 590 |
_aBATCH-UPD _b10 _c20130410 _lUCH01 _h1616 |
||
| 590 |
_aBATCH-UPD _b10 _c20130914 _lUCH01 _h1646 |
||
| 590 |
_aCONVERSION _b10 _c20130109 _lUCH01 _h1336 |
||
| 650 | 1 | 4 | _aÁcaros. |
| 650 | 1 | 4 |
_aInsectos _xColección y preservación. _958905 |
| 901 | _aBK | ||
| 942 | _cFOLL | ||
| 949 |
_bBC _cTES _d-149867 _eTS1 _i75898 _si |
||
| 949 |
_bBC _cTES _d-149868 _eTS2 _fc.2 _i75898 _si |
||
| 999 |
_c65941 _d65941 |
||